00515nam a2200169Ia 4500008004100000041001200041082001200053100002700065245006400092365000700156520001400163546001200177630006400189650001400253655001400267730006400281101110s9999 xx 000 0 und d aENGLISH bSR22053 aJadhav H.V., Khan S.H. aConcepts in Industrial and Analytical Chemistry (S.Y.B.Sc.) b60 aChemistry aENGLISH aConcepts in Industrial and Analytical Chemistry (S.Y.B.Sc.) aChemistry aChemistry aConcepts in Industrial and Analytical Chemistry (S.Y.B.Sc.)